| Tag |
First Indicator |
Second Indicator |
Subfields |
| LEADER |
00000cam a2200000Ia 4500 |
| 001 |
in00002782400 |
| 005 |
20150922151104.0 |
| 008 |
851210s1964 dcuaf b f000 0 eng d |
| 035 |
|
|
|a (OCoLC)ocm12887722
|
| 035 |
|
|
|a (OCoLC)12887722
|
| 040 |
|
|
|a ERE
|c ERE
|d OCLCQ
|d OCLCG
|d TXJ
|d UtOrBLW
|
| 043 |
|
|
|a poxe---
|
| 049 |
|
|
|a TXAM
|
| 050 |
1 |
4 |
|a QE75
|b .P9 no.260-, AA-II
|
| 086 |
0 |
|
|a I 19.16:260-FF
|
| 100 |
1 |
|
|a Cooper, G. Arthur
|q (Gustav Arthur),
|d 1902-2000.
|
| 245 |
1 |
0 |
|a Brachiopods from Eniwetok and Bikini drill holes /
|c by G.A. Cooper.
|
| 264 |
|
1 |
|a Washington, D.C. :
|b U.S. G.P.O.,
|c 1964.
|
| 300 |
|
|
|a iii, pages 1117-1120 pages, 1 unnumbered leaf of plates :
|b illustrations ;
|c 29 cm.
|
| 336 |
|
|
|a text
|b txt
|2 rdacontent
|
| 337 |
|
|
|a unmediated
|b n
|2 rdamedia
|
| 338 |
|
|
|a sheet
|b nb
|2 rdacarrier
|
| 490 |
1 |
|
|a Geological Survey professional paper ;
|v 260-FF
|
| 500 |
|
|
|a Bikini and nearby atolls, Marshall Islands.
|
| 504 |
|
|
|a Includes bibliographical references (page 1120).
|
| 650 |
|
0 |
|a Brachiopoda, Fossil
|z Marshall Islands
|z Bikini Atoll.
|
| 650 |
|
0 |
|a Paleontology
|z Marshall Islands
|z Bikini Atoll.
|
| 650 |
|
0 |
|a Brachiopoda, Fossil
|z Marshall Islands
|z Enewetak Atoll.
|
| 650 |
|
0 |
|a Paleontology
|z Marshall Islands
|z Enewetak Atoll.
|
| 830 |
|
0 |
|a Geological Survey professional paper ;
|v 260-FF.
|
| 994 |
|
|
|a C0
|b TXA
|
| 948 |
|
|
|a cataloged
|b h
|c 2012/11/27
|d c
|e tsivage
|f 12:55:13 pm
|
| 999 |
|
|
|a MARS
|
| 999 |
f |
f |
|s b162eb09-12cb-304c-9d0c-611d2e7e77f7
|i de38067f-9edc-37fe-9223-5eb3837889c8
|t 0
|
| 952 |
f |
f |
|p normal
|a Texas A&M University
|b College Station
|c Sterling C. Evans Library
|d Evans: US Documents (Annex 5th floor)
|t 0
|e I 19.16:260-J-Y,AA-HH
|h Superintendent of Documents classification
|i unmediated -- volume
|m A14814463526
|
| 952 |
f |
f |
|a Texas A&M University
|b College Station
|c Sterling C. Evans Library
|d Evans: US Documents (Annex 5th floor)
|t 0
|e I 19.16:260-J-Y,AA-HH
|h Superintendent of Documents classification
|
| 998 |
f |
f |
|a I 19.16:260-J-Y,AA-HH
|t 0
|l Evans: US Documents (Annex 5th floor)
|